000 00508nam a2200181Ia 4500
005 20250508155734.0
008 008 250505s9999 xx 000 0 eng d
037 _aTextual
040 _aFEDL
_beng
_cFEDL
041 _aeng
_2eng
084 _a510.83, COM
_qFEDL
100 _aComrie L J
245 0 _aChamber's six-figure mathematical tables, 1 V
260 _aEdinburgh
_bW and R Chambers Ltd
_c1965
300 _axxii,577p
942 _cTEXL
_h510.83, COM
999 _c1359044
_d1359044